| 000 | 00357nam a2200145Ia 4500 | ||
|---|---|---|---|
| 008 | 230917s9999||||xx |||||||||||||| ||und|| | ||
| 040 |
_e50294 _aMAIN |
||
| 041 | _aEnglish | ||
| 082 | _a822.08 S32T | ||
| 100 | _aSalgado, Gamini, ed. | ||
| 245 | 0 | _aThree Jacobean tragedies | |
| 260 |
_aMiddlesex _bPenguin Books _c1965 |
||
| 300 | _a363 p. | ||
| 942 | _cBK | ||
| 999 |
_c194025 _d194025 |
||